000 00624nam a22001937a 4500
005 20180829153040.0
010 _aENG-123791
020 _a9789383316755
_c1295.00
035 _aEN-107323
037 _bDBAD/PUB
082 _a327.17209581
100 _aRoy, D.N.
245 _aChallenges of peace building in:
_cby D.N. Roy
_bafghanistan /
260 _aNew Delhi
_bGaurav Book Centre
_c2017
270 _a4832/24, Prahlad Lane, S-207, Ansari Road, Daryaganj,
_bNew Delhi
_e110002
300 _a328p.
_c22cm.(Hb)
500 _aIt includes bibliography and index
942 _2ddc
_cEN
_h327.17209581
_mROY
999 _c156601
_d156601